Statistics for Countries by Highest Percentage of Foreign-Born Population

Click here to take the quiz!

General Stats

  • This quiz has been taken 113 times
  • The average score is 15 of 19

Answer Stats

%Country% Correct
13.1United States
99%
11.7France
98%
12.3United Kingdom
98%
12.8Germany
95%
20.0Canada
94%
13.4Spain
93%
15.5Belgium
85%
27.6Australia
84%
16.0Sweden
84%
11.6Netherlands
83%
13.9Norway
82%
16.4Ireland
79%
28.3Switzerland
79%
16.7Austria
78%
28.2New Zealand
76%
43.7Luxembourg
67%
11.5Iceland
51%
22.6Israel
47%
10.1Estonia
33%

Score Distribution

Percentile by Number Answered

Percent of People with Each Score

Your Score History

You have not taken this quiz